Memoria y trauma en los testimonios de la represión franquista

Spremljeno u:
Bibliografski detalji
Glavni autor: Alvarez Fernández, José Ignacio (Autor)
Format: Knjiga
Jezik:španjolski
Izdano: Barcelona, España Anthropos 2007
Serija:Memoria Rota. Exilios y Heterodoxias. Estudios, 42
Teme:
Oznake: Dodaj oznaku
Bez oznaka, Budi prvi tko označuje ovaj zapis!

MARC

LEADER 00000nam a2200000 a 4500
001 UCI4126
003 CL-VaPUC
005 20240402111020.0
008 071221e20070000SP |||||||||||||||||spa|d
999 |c 328112  |d 328110 
020 |a 9788476588109 
040 |c Pontificia Universidad Católica de Valparaíso 
082 0 4 |a 946 ALV 2007  |2 21 
100 0 |a Alvarez Fernández, José Ignacio  |e author  |9 525815 
245 1 0 |a Memoria y trauma en los testimonios de la represión franquista 
260 |a Barcelona, España  |b Anthropos  |c 2007 
300 |a 284 páginas 
490 0 |a Memoria Rota. Exilios y Heterodoxias. Estudios,  |v  42 
583 |a last modification  |c 20160913 09:32:22  |k Rodrigo Vera 
650 0 |a Franquismo  |z ESPAÑA  |9 318598 
650 0 |a Política y gobierno  |z ESPAÑA  |9 255151 
650 7 |a PERSECUSIONES POLITICAS  |2 CL-VaPUC  |9 511865  |z ESPAÑA 
650 0 |a Guerra civil  |z ESPAÑA  |9 320243 
650 7 |a HISTORIA DE ESPAÑA  |2 CL-VaPUC  |9 525816  |y SIGLO 20 
852 |a BIBCUR 
942 |c BK  |2 ddc 
945 |d 20071221 00:00:00  |a jtorresc 
952 |0 0  |1 0  |2 ddc  |4 0  |6 946_000000000000000_ALV_2007  |7 0  |8 A  |9 411885  |a BIBHIS  |b BIBHIS  |d 2019-11-22  |i 4397665  |l 1  |o 946 ALV 2007  |p 4397665  |r 2025-01-20  |s 2021-01-12  |t 1  |w 2019-11-22  |y BK  |k HIS